Mujeres e indígenas: dimensión local y acción política: el comité cívico de Xel-ju de Quetzaltenango /
Este ensayo intenta mostrar los intereses y contradicciones que existen entre los diferentes actores de la escena social guatemalteca a nivel local, mostrándonos cómo los indígenas y las mujeres se están proyectando en el campo de la política, gracias a la coyuntura heredada de los últimos 40 años,...
Kaydedildi:
| Yazar: | |
|---|---|
| Materyal Türü: | Metin |
| Konular: | |
| Etiketler: |
Etiketle
Etiket eklenmemiş, İlk siz ekleyin!
|
MARC
| LEADER | 00000 a a2200000 04500 | ||
|---|---|---|---|
| 001 | 10568 | ||
| 003 | |||
| 040 | |||
| 100 | |a Caligueta Comerma, Gemma | ||
| 245 | |a Mujeres e indígenas: |b dimensión local y acción política: el comité cívico de Xel-ju de Quetzaltenango / |c Gemma Caligueta Comerma | ||
| 520 | |a Este ensayo intenta mostrar los intereses y contradicciones que existen entre los diferentes actores de la escena social guatemalteca a nivel local, mostrándonos cómo los indígenas y las mujeres se están proyectando en el campo de la política, gracias a la coyuntura heredada de los últimos 40 años, dominados por una guerra entre la guerrilla y el gobierno, que acaba de terminar. Analizaremos esto a través del caso de Xel-jú, comité cívico indígena de la ciudad de Quetzaltenango que ganó las elecciones municipales en los pasados comicios de 1995 y puso por primera vez en la historia de esta ciudad -la segunda en importancia después de la capital- un alcalde indígena. REV//jmml | ||
| 650 | |a MUJERES | ||
| 650 | |a AMERINDIOS | ||
| 650 | |a POLITICA | ||
| 650 | |a PARTICIPACION SOCIAL | ||
| 650 | |a PARTICIPACION DE LA MUJER | ||
| 650 | |a GRUPOS ETNICOS | ||
| 773 | |g número 153; páginas 73-81 | ||
| 999 | |c 35373 |d 35373 | ||
